Latin America Richest to Poorest Quiz Stats

 Plays Quiz not verified by Sporcle

Score 0/21 Timer 05:00
0 Plays Today
GDP per capita Country % Correct
7350Brazil
82.6%
9980Mexico
79.1%
9400Chile
71.6%
14100 (Richest)French Guiana
64.8%
7200Argentina
58.8%
4990Suriname
58%
9230Venezuela
55.8%
8260Uruguay
52.7%
3820Belize
50.4%
6180Panama
46.3%
6060Costa Rica
45.5%
GDP per capita Country % Correct
4660Colombia
44.9%
3990Peru
44.9%
1080 (Poorest)Nicaragua
44.4%
1420Guyana
43.4%
3640Ecuador
40.9%
1460Bolivia
40.2%
2180Paraguay
38.7%
1800Honduras
38.6%
2680Guatemala
38.3%
3480El Salvador
37.4%

You're not logged in!

Compare scores with friends on all Sporcle quizzes.
OR
Log In

Show Comments

Extras

Top Quizzes Today


Score Distribution

Your Account Isn't Verified!

In order to create a playlist on Sporcle, you need to verify the email address you used during registration. Go to your Sporcle Settings to finish the process.

Report this User

Report this user for behavior that violates our Community Guidelines.

Details: